000
00241nam a22000857a 4500
999
_c
516350
_d
516350
100
_a
Sharma, Rajiv (ed.)
_9
22843
245
_a
Good governance :
_b
Stimuli and strategies
_c
edited by Rajiv Sharma
260
_a
Jaipur
_b
Aalekh
_c
2010
300
_a
244p.